000 00465nam a2200181Ia 4500
003 GCL
008 140319s9999 xx 000 0 eng d
040 _aGCL /
_cGCL
082 0 4 _a937.01
_bC H
100 1 _aGARY, M.
245 1 0 _aA HISTORY OF ROME: DOWN TO THE REGIN OF CONSTANTINE /
_cGARY, M.
700 1 _aSCULLARD, H. H.
260 _a[S.N] :
_bMACMILLAN PRESS LTD ،
_c1994
300 _a694 P
650 0 4 _aHISTORY
650 0 4 _aROME
942 _2ddc
_cBK
999 _c24309
_d24309